LEADER 01314nam a2200301 4500 001 000000361339 003 CaOOAMICUS 005 20250116100328.0 008 250115s2010 it a 000 u ita r 020 $a978-88-6089-063-4 040 $aSeMil$bita 100 1 $aCossi, Massimiliano,$d<1971- >.$0(OLS)http://semarc/name/29626 245 10$aCase senza chiavi :$bfamiglie che accolgono: l'esperienza di Oikos /$cMassimiliano Cossi ; prefazione di Luigino Bruni. 264 1$aTrento :$bIl Margine,$c2010. 300 $a129 p., [8] p. di tav. :$bill. ;$c20 cm 490 1 $aOrizzonti 541 0 $aOmaggio mons. Mario Delpini (3C I 52) 650 4$aOIKOS .$0(OLS)http://semarc/subject/56966 700 1 $aBruni, Luigino,$d<1966- >.$0(OLS)http://semarc/name/5214 830 0$aOrizzonti.$0(OLS)http://semarc/title/432811 850 $aSeMil 852 $aSeMil$W1$xVenegono$y1$m3C I 52$j253892$B252308$CSeMilBibl$Z2$F252308 $81 941 1 $a7 961 $aOmaggio mons. Mario Delpini 996 $6020$a978-88-6089-063-4$9(OLS)http://semarc/number/302216 996 $6245$aCase senza chiavi :$bfamiglie che accolgono: l'esperienza di Oikos$9(OLS)http://semarc/title/452027 996 $6264$aTrento :$bIl Margine$9(OLS)http://semarc/publisher/31433 LEADER 00788nam a2200181 i 4500 001 000000015053 003 CaOOAMICUS 005 20180830125442.0 008 180830s1993 it u000 u ita u 040 $aSeMil$bita 100 1 $aArduini, Maria Lodovica,$d<1933-2012>.$0(OLS)http://semarc/name/7029 245 10$aLineamenti di metodologia della ricerca storica /$cMaria Lodovica Arduini. 260 $aMilano :$bI.S.U. Università Cattolica,$c1993. 300 $av. ;$c24 cm. 650 4$aStoria - Metodologia - Manuali.$0(OLS)http://semarc/subject/2467 774 0 $tParte 1. [La Disciplina.$gParte1$w()146188 996 $6245$aLineamenti di metodologia della ricerca storica$9(OLS)http://semarc/title/19954 996 $6260$aMilano :$bI.S.U. Università Cattolica$9(OLS)http://semarc/publisher/34067